000 02461cam a22005054i 4500
003 PE-LiUPU
005 20250731173007.0
008 150616s r 000 0 d
035 _a(Sirsi) a2223
040 _aPE-LiUPU
_bspa
_cPE-LiUPU
_erda
049 _aPRUA
082 0 4 _a268
_bE23
_221
100 1 _aEdge, Findley Bartow,
_d1916-,
_eautor.
245 1 0 _aPedagogía fructífera /
_cFindley Bartow, Edge.
264 1 _aBuenos Aires :
_bCasa Bautista de Publicaciones,
_c1972.
300 _a186 páginas :
_bilustraciones ;
_c19 cm
336 _atext
_2rdacontent
337 _aunmediated
_2rdamedia
338 _avolume
_2rdacarrier
500 _aOtra edición: 1969.
505 0 _aJesús vino a enseñar -- Haciendo énfasis en los resultados -- Entendiendo el proceso de la enseñanza - aprendizaje -- Algunas fuerzas dinámicas en la enseñanza -- El estudio de la Biblia y el alumno -- Haciendo el propósito específico -- ¿Por qué los propósitos deben ser específicos? -- Procurando un estudio bíblico con propósito -- Haciendo la lección personal -- Logrando la práctica -- El plan de la lección -- Probando nuestra enseñanza -- Logrando la cooperación iglesia - hogar -- La reunión semanal de oficiales y maestros -- La importancia del maestro -- Calificándome a mí como maestro.
526 _aSEG42
526 _aSEG41
526 _aSEG40
526 _aSEG39
526 _aP94
526 _aP87
526 _aP86
526 _aP85
526 _aP77
526 _aP76
526 _aP35
650 0 4 _aEducación religiosa
_xMétodos de enseñanza.
650 0 4 _aEscuelas dominicales.
910 _ajck
_bjvq
_cjck
942 _2ddc
_cBOOK
949 _a268 E23
_wDEWEY
_c1
_i20019
_lCCODEBUL1
_mBUL
_p00.00
_r0
_sY
_tBOOK
_u19791121
_xTEOLOGIA
_zUNKNOWN
_0COMPRA
_o.STAFF. Colección General
949 _a268 E23
_wDEWEY
_c2
_i17325
_lCCODEBUL1
_mBUL
_p00.00
_r0
_sY
_tBOOK
_u19791121
_xTEOLOGIA
_zUNKNOWN
_0COMPRA
_o.STAFF. Colección General
994 _aC0
_bPEPRU
596 _a1
999 _a268 E23
_wDEWEY
_c22778
_i20019
_f2021-11-10
_g5
_lCCODEBUL1
_mBUL
_r0
_sY
_tBOOK
_u2015-6-16
_xTEOLOGIA
_zUNKNOWN
_0COMPRA
_o.STAFF. Colección General
_d22778
999 _a268 E23
_wDEWEY
_c2
_i17325
_f2021-11-10
_g5
_lCCODEBUL1
_mBUL
_r0
_sY
_tBOOK
_u2015-6-16
_xTEOLOGIA
_zUNKNOWN
_0COMPRA
_o.STAFF. Colección General
980 _81
_gALBERTO SANCHEZ Responsable de Automatización